| 000 | 00510nam a2200193Ia 4500 | ||
|---|---|---|---|
| 003 | 0100 | ||
| 008 | 130303s9999 xx 000 0 und d | ||
| 040 | _cARRUPELIB | ||
| 050 | _aLA21.B7 1963 | ||
| 100 | _aBrumbaugh, Robert S | ||
| 245 | _aPhilosophers on Education | ||
| 245 | _bSix Essays on the Foundations of Western Thought | ||
| 260 | _aBoston | ||
| 260 | _bHoughton Mifflin Company | ||
| 260 | _C1963 | ||
| 300 | _a211p | ||
| 700 | _aLawrence, Nathaniel Morris, 1917-Joint Author | ||
| 942 | 0 | 0 | _010 |
| 999 |
_c43141 _d43141 |
||